000 00872nam a2200241 a 4500
001 44077
003 BD-RjUL
005 20211209053810.0
008 151202s1972 bg a|||| |||| 00| f ben d
020 _c: Tk. 3.50
035 _a(BD-RjUL)44195
040 _aBD-RjUL
_bben
_cBD-RjUL
041 _aben
082 _aB 891.443
_bOYC 1972
_223
100 _aওয়ালীউল্লাহ্‌, সৈয়দ
_9116624
245 1 0 _aচাঁদের অমাবস্যা /
_cসৈয়দ ওয়ালীউল্লাহ্‌
250 _a২য় সং.
260 _aঢাকা :
_bনওরোজ কিতাবিস্তার,
_c১৯৭২
300 _a১৮০ পৃ. :
_bচিত্র ;
_c২২ সেমি.
650 _aবাংলা উপন্যাস
_9120419
650 _aBengali fiction
_9120420
942 _2ddc
_cBK
999 _c44077
_d44077